000 00441nam a22001697a 4500
999 _c11145
_d11145
003 OSt
008 220413b ||||| |||| 00| 0 eng d
020 _a9789353163334
082 _a339.DWM
100 _aDWIVEDI, D.N.
245 _aMacroeconomics : Theory and Policy
250 _a15th Edition
260 _aTamil Nadu, India
_bTMH
_c2019
300 _a740
650 _aMacroeconomics: Theory and Policy Economics
942 _2ddc
_cBK
_09